Population par 4 principaux pays des continents - Statistiques

Statistiques générales
  • Ce quiz a été pris 14 fois
  • Le résultat moyen est 8 sur 20
Statistiques - réponses
Pays en millions % Correct
France 68
79%
Allemagne 83
71%
Éthiopie 120
64%
Égypte 109
50%
Mexique 126
50%
Turquie 84
50%
Russie 145
43%
Nigéria 213
43%
Brésil 214
43%
Australie 26
43%
République démocratique du Congo 95
43%
Indonésie 273
36%
États-Unis 336
36%
Nouvelle-Zélande 5
36%
Colombie 51
36%
Papouasie-Nouvelle Guinée 9
36%
Pakistan 231
29%
Fidji 0.9
21%
Chine 1410
14%
Inde 1430
14%
Aucun quiz correspondant
Distribution des résultats
% des personnes avec chaque résultat
Percentile par nombre de réponses
Votre historique - résultats
Vous n’avez pas pris ce quiz